| 000 | 00336nam a2200145Ia 4500 | ||
|---|---|---|---|
| 008 | 230917s9999||||xx |||||||||||||| ||und|| | ||
| 040 |
_e54449 _aMAIN |
||
| 041 | _aEnglish | ||
| 082 | _a070.43 W839A | ||
| 100 | _aWolverton, Mike | ||
| 245 | 4 | _aAnd new the news | |
| 260 |
_aTexas _bGulf _c1977 |
||
| 300 | _aviii, 136 p. | ||
| 942 | _cBK | ||
| 999 |
_c64232 _d64232 |
||